• 首页
  • 本馆介绍
  • 公告通知
  • 最新文献
  • 馆藏检索
  • 电子资源
  • 读者导购
  • 参考咨询
  • 我的图书馆
  • 登录
  • 详细信息显示
  • 放入我的书架
  • 预约/预借图书
  • 作者相关作品
  • 分类相关作品
  • 丛书相关作品
  • 出版社相关作品

书目信息

  • 表格格式
  • 工作单格式
  • 卡片格式
题名:
国际关系史
    
 
作者: 何春超 主编 ;法学教材编辑部审订
分册: 下册  
出版信息: 武汉   武汉大学出版社  1983.7
页数: 466页
开本: 20cm
丛书名:
单 册:
中图分类: D819
科图分类:
主题词: 国际关系
电子资源:
ISBN:
000 00806nam0 2200253 45
001 0311040826
005 20040429085707.4
010    @dCNY2.05
091    @a6279.2
100    @a20031104d1983 km y0chiy0120 ea
101 0  @achi
105    @a z 000yy
200 1  @a国际关系史@h下册@AGuo Ji Guan Xi Shi@e一九四五—一九八○年@EYi Jiu Si Wu—Yi Jiu Ba○Nian@f何春超主编@FHe Chun Chao Zhu Bian
210    @a武汉@c武汉大学出版社@d1983.7
215    @a466页@d20cm
300    @a高等学校法学试用教材
300    @a书后附录:参考地图,现代国际关系史大事年表
517    @a一九四五—一九八○年@AYi Jiu Si Wu—Yi Jiu Ba○Nian
606 0  @a国际关系
690    @aD819@v3
701  0 @a何春超@4主编
711 02 @a法学教材编辑部审订
801    @aCN@bTSTC@c20031212
905    @dD819@e13:2@f1@b154178@b94896-897@f2
    
    国际关系史.下册:一九四五—一九八○年/何春超主编.-武汉:武汉大学出版社,1983.7
    466页;20cm
    高等学校法学试用教材.-书后附录:参考地图,现代国际关系史大事年表
    
    ISBN :CNY2.05
    
●
相关链接 在E读中查询图书 在五车中查询图书 在当当中查询图书 在豆瓣中查询图书


正题名:国际关系史     索取号:D819/13:2         预约/预借

序号 登录号 条形码 馆藏地/架位号 状态 备注
1 0094894   001725672   密集书库/ [索取号:D819/13:2] 在馆    
2 0094895   001725681   密集书库/ [索取号:D819/13:2] 在馆    
3 0094896   001023467   第一借阅区/ [索取号:D819/13:2] 在馆    
4 0094897   001016563   第一借阅区/ [索取号:D819/13:2] 在馆    
5 0094898   001725440   密集书库/ [索取号:D819/13:2] 在馆    
6 0094899   001725486   密集书库/ [索取号:D819/13:2] 在馆    
7 0094900   001725529   密集书库/ [索取号:D819/13:2] 在馆    
8 0094901   001528840   密集书库/ [索取号:D819/13:2] 在馆    
9 0154176   001528831   密集书库/ [索取号:D819/13:2] 在馆    
10 0154178   001023485   第一样本阅览室/ [索取号:D819/13:2] 在馆    
唐山师范学院图书馆 欢迎您!
大连网信软件有限公司© 版权所有